000 00786nam a22002177a 4500
005 20251103124159.0
010 _aENG-147054
020 _a9789367136980
_c699.00
035 _aEN-130586
037 _bDBAD
_a1
082 _a005.7
_21
100 _aDas, Amit Kumar
_985615
245 _aIntroduction to Data Science /
_cAmit Kumar Das; Mousoomi Bora [and] Vishal Dhure
250 _a1
260 _aChennai
_bPearson India Education Services Pvt.Ltd.
_c2025
270 _aFeatherlite,' The Address' 5th Floor, Survey No 203/10B,200 Ft MMRD Road, Zamin Pallavaram,Chennai
_bChennai
_e600044
300 _axxxiv, 538p.
_c23cm(Pb)
_bIndex
700 _aBora, Mousoomi
_eAuthor
_985616
700 _aDhure, Vishal
_eAuthor
_985617
942 _2ddc
_cEN
_h005.7
_mDAS
_e1
999 _c213718
_d213718